Установка для масс-спектрометрического изучения реакций термического разложения; Журнал физической химии; Т. 44, вып. 2

Dades bibliogràfiques
Parent link:Журнал физической химии/ Российская академия наук ; Отделение химии и наук о материалах РАН.— , 1931-.— 0044-4537
Т. 44, вып. 2.— 1970.— С. 529-531
Altres autors: Захаров Ю. А. Юрий Александрович, Шечков Г. Т., Карлин В. А., Свободин Е. Н.
Idioma:rus
Publicat: 1970
Matèries:
Format: MixedMaterials Capítol de llibre
KOHA link:https://koha.lib.tpu.ru/cgi-bin/koha/opac-detail.pl?biblionumber=554835

MARC

LEADER 00000naa2a2200000 4500
001 554835
005 20231101121551.0
035 |a (RuTPU)RU\TPU\prd\248873 
090 |a 554835 
100 |a 20151224a1970 k y0rusy50 ca 
101 0 |a rus 
102 |a RU 
200 1 |a Установка для масс-спектрометрического изучения реакций термического разложения  |f Ю. А. Захаров [и др.] 
461 0 |0 (RuTPU)RU\TPU\prd\167  |x 0044-4537  |t Журнал физической химии  |f Российская академия наук ; Отделение химии и наук о материалах РАН  |d 1931- 
463 0 |0 (RuTPU)RU\TPU\prd\82124  |t Т. 44, вып. 2  |v С. 529-531  |d 1970 
610 1 |a труды учёных ТПУ 
701 1 |a Захаров  |b Ю. А.  |c российский химик  |c профессор Томского политехнического университета  |f 1938-  |g Юрий Александрович  |2 stltpush  |3 (RuTPU)RU\TPU\pers\19791 
701 1 |a Шечков  |b Г. Т. 
701 1 |a Карлин  |b В. А. 
701 1 |a Свободин  |b Е. Н. 
801 1 |a RU  |b 63413507  |c 20151224 
942 |c BK